Mityczny quiz #1 - Statystyki

Ogólne statystyki
  • Ten quiz został rozwiązany 54 razy
  • Średni wynik to 8 z 20
Statystyki odpowiedzi
Pytanie Odpowiedź % Poprawnych
10% jakiej części ciała używa przeciętna osoba? Mózgu
93%
Czyje narodziny są znane jako "Niepokalane Poczęcie"? Jezusa
71%
Jakie jest największe państwo w Ameryce Środkowej? Meksyk
62%
Kto był pierwszym królem Polski? Mieszko I
62%
Co jest stolicą Turcji? Stambuł
62%
Jaki jest najbliższy żyjący krewny pandy wielkiej? Pandka {ruda}
60%
Które warzywo jest znane z tego, że poprawia wzrok z powodu wysokiej zawartości witaminy A? Marchewki
53%
Który znany zdobywca był niższy wzrostem od przeciętnego żołnierza swoich czasów? Napoleon Bonaparte
53%
A jaką religię on wyznaje? Islam
51%
Kto powiedział "Jedna śmierć to tragedia, milion – to statystyka."? Józef Stalin
47%
Jaki jest jedyny zbudowany przez człowieka obiekt widoczny z kosmosu? Wielki Mur Chiński
42%
Co pozostanie przez co najmniej 7 lat w przewodzie pokarmowym, jeśli to przypadkowo połkniesz? Guma do żucia
33%
W jakim państwie urodził się Barack Obama? W Kenii
29%
Jaki rodzaj zwierzęcia często popełnia zbiorowe samobójstwo skacząc z klifów? Lemingi
27%
Jak inaczej nazywana jest schizofrenia?
Zaburzenie {osobowości} wielorakiej
24%
Jakie zwierzę może pokryć cię kurzajkami, jeśli je dotkniesz? Ropucha
22%
Który popularny napój jest mocno zasadowy? Mleko
13%
Jaki kompozytor napisał "Mrugaj, mrugaj gwiazdko ma" w wieku zaledwie 5 lat? Wolfgang Amadeus Mozart
13%
Kto podczas przemówienia w Berlinie powiedział "Jestem galaretowatym pączkiem"? John F. Kennedy
11%
Jakie zwierzęta nigdy nie chorują na nowotwór? Rekiny
7%
Nie znaleziono quizów pasujących do podanych kryteriów
Rozkład punktacji
Procent ludzi z każdym wynikiem
Percentyl według liczby udzielonych odpowiedzi
Twoja historia wyników
Nie rozwiązałeś tego quizu